00938cam a2200289 a 45000010005000000030006000050050017000110080041000280100017000690200018000860200015001040200018001190400023001370500015001600820008001751000023001832450156002062600040003623000059004024900031004615050006004925200058004985210027005565210018005836500022006017000025006235576FISKH20250815120836.0080204s2008 nyua j 000 1 eng  a 2007051842 a9781416968658 a1416968652 a9781416968658 aDLCcDLCdDLCbeng aPZ7.R39245 a2581 aRichards, Melinda.10aWe can help! /cadapted by Melinda Richards ; based on the teleplay written by Billy Lopez and Josh Selig ; illustrated by Little Airplane Productions. aNew York :bSimon Spotlight,c2008. a22 unnumbered pages : bcolor illustrations ; c23 cm 0 aReady-to-read. Pre-level 1 aA aThe Wonder Pets help a tiger with a thorn in her paw! a70 bLexile estimate  aA bRaz-Plus  aEasy ReadervKids aFogarty, Alexandria